La mejora
Guardat en:
| Autor principal: | |
|---|---|
| Format: | Llibre |
| Idioma: | espanyol |
| Publicat: |
Madrid
Hijos de Reus
1913
|
| Col·lecció: | Biblioteca Jurídica de Autores Españoles y Extranjeros, 7
|
| Matèries: | |
| Etiquetes: |
Afegir etiqueta
Sense etiquetes, Sigues el primer a etiquetar aquest registre!
|
MARC
| LEADER | 00000nam a2200000 a 4500 | ||
|---|---|---|---|
| 001 | UCR2539 | ||
| 003 | CL-VaPUC | ||
| 008 | 980112e19130000SP |||||||||||||||||spa|d | ||
| 082 | 0 | 4 | |a 349.46 |b LAC |2 21 |
| 100 | 0 | |a Lacoste, Jorge de |e author |9 400450 | |
| 245 | 1 | 3 | |a La mejora |
| 300 | |a 351 p | ||
| 942 | |c BK | ||
| 945 | |d 19980112 00:00:00 |a crobeson | ||
| 260 | |a Madrid |b Hijos de Reus |c 1913 | ||
| 650 | 0 | |a Derecho español |9 255291 | |
| 650 | 0 | |a Historia del derecho |9 255109 | |
| 650 | 0 | |a Fuentes del derecho |9 255162 | |
| 650 | 0 | |a Teoría del derecho |9 255982 | |
| 650 | 0 | |a Derecho comparado |9 255664 | |
| 651 | 0 | |a España |9 254926 | |
| 583 | |a last modification |c 19980112 00:00:00 |k Rodrigo Vera | ||
| 490 | 0 | |a Biblioteca Jurídica de Autores Españoles y Extranjeros, 7 | |
| 999 | |c 265674 |d 265672 | ||
| 952 | |0 0 |1 0 |4 0 |6 349_460000000000000_LAC_1913 |7 0 |8 DER_HIS |9 296691 |a BIBDER |b BIBDER |d 2019-11-20 |i 1924656 |o 349.46 LAC 1913 |p 1924656 |r 2023-01-25 |w 2019-11-20 |x Ubicación 4to Piso |y BK |z Estos recursos deben solicitarse con anticipación |k DER | ||